01965nam a22002537a 450000500170000000800410001702000160005804000070007404100080008108200220008910000170011124500670012826000330019530000280022836500200025652012950027665000170157165000170158865000210160565000230162665000210164965000220167070000190169220211117161754.0211117b ||||| |||| 00| 0 eng d a03855114565 cAL aeng 223a305.800bNATO aSusan Nathan aOther side of Israel: My Journey Across the Jewish Arab Divide aNew YorkbNan A Talesec2005 axv,310p.bHBc24x16 cm. b25.00c$d25.00 aThe pioneering autobiographical story of a British Zionist in her fifties who moves to Israel and chooses to live among 25,000 Muslims in the all-Arab Israeli town of Tamra, a few miles from Nazareth. Susan Nathan’s revelatory book about her new life across the ethnic divide in Israel is already creating international interest. At a time when Middle Eastern politics (in many ways central to the current world disorder) have become mired in endless tit-for-tat killings, Susan Nathan is showing – by her own daily example – that it is perfectly possible for Jews and Arabs to live peacefully together in a single community, recognising their common humanity. The author’s familiarity with the former injustices of apartheid South Africa enables her to draw telling comparisons with the state of Israel. The increasing segregation of, and discrimintation against, the million-strong Arabic population of Israel is something she witnesses at first hand, but in describing her experiences in Tamra she is as observant of Arab frailties as of Jewish oppression. Written with warmth, compassion and humour, ‘The Other Side of Israel’ is one courageous woman’s positive life-enhancing response to a situation in which entrenched attitudes lead only to more violence and bloodshed. aSocial Group aIsrael Tamra aMulticulturalism aCultural Pluralism aEthnic Relations aPalestinian Arabs aNATHAN (Susan)